000 01200nam a2200193 4500
008 170713b xxu||||| |||| 00| 0 eng d
020 _a0-19-508731-3 (pbk.)
082 _21996
_aDC 364.36
_bSh7
100 _921224
_aShoemaker, Donald J
245 _aTheories of delinquency :
_ban examination of explanations of delinquent behavior /
_cDonald J. Shoemaker.
250 _aThird Edition
260 _aNew York :
_bOxford University Press,
_cc1996.
300 _axi, 284 pages :
_billustrations ;
_c21 cm.
500 _aIncludes bibliographical references and indexes.
505 _aContents 1 Explanations of Delinquency 3 2 The Classical School - Issues of Choice and Reasoning 12 3 Biological and Biosocial Explanations 21 4 Psychological Theories 47 5 Social Disorganization and Anomie 75 6 Lower-Class-Based Theories of Delinqueucy 103 7 Interpersonal and Situational Explanations 134 8 Control Theories 156 9 Labeling Theory 191 10 The Radical Theory of Delinquency 208 11 Female Delinquency 226 12 Delinquency Theory: An Integrative Approach 251 Author Index 269 Subject Index 281
650 0 _921225
_aJuvenile delinquency
365 _b898.00
_cPhp
942 _2ddc
_cDC
999 _c7018
_d7018